Southville International School and Colleges
Your cart is empty.
  • Cart
  • Lists
    Public lists list_1 View all
    Your lists Log in to create your own lists
  • Log in to your account
  • Your cookies
  • Search history
Southville International School and Colleges
  • Advanced search
  • Recent comments
  • Most popular
  • Libraries

Log in to your account

Log in with GOOGLE


If you do not have an external account, but do have a local account, you can still log in:

  1. Home
  2. MARC view: Review of medical microbiology and immunology /
Normal view MARC view ISBD view

Review of medical microbiology and immunology / (Record no. 294962)

[ view plain ]
MARC details
000 -LEADER
fixed length control field 01724cam a22003978a 4500
001 - CONTROL NUMBER
control field 16983742
003 - CONTROL NUMBER IDENTIFIER
control field PILC
005 - DATE AND TIME OF LATEST TRANSACTION
control field 20160524162323.0
008 - FIXED-LENGTH DATA ELEMENTS--GENERAL INFORMATION
fixed length control field 110929s2012 nyu 001 0 eng
010 ## - LIBRARY OF CONGRESS CONTROL NUMBER
LC control number 2011040791
020 ## - INTERNATIONAL STANDARD BOOK NUMBER
International Standard Book Number 9780071818117
035 ## - SYSTEM CONTROL NUMBER
System control number (DNLM)101570298
040 ## - CATALOGING SOURCE
Original cataloging agency DNLM/DLC
Transcribing agency DLC
Modifying agency DLC
042 ## - AUTHENTICATION CODE
Authentication code pcc
050 00 - LIBRARY OF CONGRESS CALL NUMBER
Classification number QR 46
Item number .L64 2014
060 10 - NATIONAL LIBRARY OF MEDICINE CALL NUMBER
Classification number QW 18.2
082 00 - DEWEY DECIMAL CLASSIFICATION NUMBER
Classification number 616.9/041
100 1# - MAIN ENTRY--PERSONAL NAME
Personal name Levinson, Warren.
245 10 - TITLE STATEMENT
Title Review of medical microbiology and immunology /
Statement of responsibility, etc Warren Levinson.
246 1# - VARYING FORM OF TITLE
Title proper/short title Medical microbiology and immunology
250 ## - EDITION STATEMENT
Edition statement 13th ed.
260 ## - PUBLICATION, DISTRIBUTION, ETC. (IMPRINT)
Place of publication, distribution, etc New York :
Name of publisher, distributor, etc McGraw-Hill Medical,
Date of publication, distribution, etc 2014.
300 ## - PHYSICAL DESCRIPTION
Extent ix, 789 pages :
Other physical details color illustrations ;
Dimensions 28 cm.
500 ## - GENERAL NOTE
General note Includes index.
500 ## - GENERAL NOTE
General note "A Lange medical book."
520 ## - SUMMARY, ETC.
Summary, etc "This book is a concise review of the medically important aspects of microbiology and immunology. It covers both the basic and clinical aspects of bacteriology, virology, mycology, parasitology, and immunology. Its two major aims are (1) to assist those who are preparing for the USMLE (National Boards) and (2) to provide students who are currently taking medical microbiology courses with a brief and up-to-date source of information"--Provided by publisher.
650 12 - SUBJECT ADDED ENTRY--TOPICAL TERM
Topical term or geographic name as entry element Microbiology
Form subdivision Examination Questions.
650 12 - SUBJECT ADDED ENTRY--TOPICAL TERM
Topical term or geographic name as entry element Microbiology
Form subdivision Outlines.
650 22 - SUBJECT ADDED ENTRY--TOPICAL TERM
Topical term or geographic name as entry element Allergy and Immunology
Form subdivision Examination Questions.
650 22 - SUBJECT ADDED ENTRY--TOPICAL TERM
Topical term or geographic name as entry element Allergy and Immunology
Form subdivision Outlines.
650 22 - SUBJECT ADDED ENTRY--TOPICAL TERM
Topical term or geographic name as entry element Immunologic Techniques
Form subdivision Examination Questions.
650 22 - SUBJECT ADDED ENTRY--TOPICAL TERM
Topical term or geographic name as entry element Immunologic Techniques
Form subdivision Outlines.
906 ## - LOCAL DATA ELEMENT F, LDF (RLIN)
a 7
b cbc
c orignew
d 1
e ecip
f 20
g y-gencatlg
942 ## - ADDED ENTRY ELEMENTS (KOHA)
Source of classification or shelving scheme Library of Congress Classification
Koha item type Books
Holdings
Withdrawn status Lost status Source of classification or shelving scheme Damaged status Home library Current library Shelving location Date acquired Source of acquisition Total Checkouts Total Renewals Full call number Barcode Date last seen Date checked out Price effective from Koha item type
    Library of Congress Classification   South SEED-LPDH College Library South SEED-LPDH College Library South SEED-LPDH College Section 05/24/2016 Library Fund 2 23 QR 46 .L64 2014 SSLC1457 01/11/2018 12/04/2017 05/24/2016 Books

Review of medical microbiology and immunology /

APA

Levinson W., . (2014). Review of medical microbiology and immunology. New York: McGraw-Hill Medical.

Chicago

Levinson Warren, . 2014. Review of medical microbiology and immunology. New York: McGraw-Hill Medical.

Harvard

Levinson W., . (2014). Review of medical microbiology and immunology. New York: McGraw-Hill Medical.

MLA

Levinson Warren, . Review of medical microbiology and immunology. New York: McGraw-Hill Medical. 2014.

  • Place hold
  • Print
  • Cite
  • Add to your cart (remove)
  • Save record
    BIBTEX Dublin Core MARCXML MARC (non-Unicode/MARC-8) MARC (Unicode/UTF-8) MARC (Unicode/UTF-8, Standard) MODS (XML) RIS
  • More searches
    Search for this title in:
    Other Libraries (WorldCat) Other Databases (Google Scholar) Online Stores (Bookfinder.com) Open Library (openlibrary.org)

Exporting to Dublin Core...

SOUTHVILLE LIBRARY

Southville International School and Colleges Library

1281 Tropical Ave. Cor. Luxembourg St., BF Homes International, Las Pinas City

Tel. No. 8256374 / 252358 Loc. 117/146

Powered by Koha